Role of the junior diplomat in missions abroad: a symposium (Record no. 481697)

000 -LEADER
fixed length control field 00421cam a22001337a 4500
008 - FIXED-LENGTH DATA ELEMENTS--GENERAL INFORMATION
fixed length control field 180718b1989 xxu||||| |||| 00| 0 eng d
082 ## - DEWEY DECIMAL CLASSIFICATION NUMBER
Classification number D11 H127
245 ## - TITLE STATEMENT
Title Role of the junior diplomat in missions abroad: a symposium
Statement of responsibility, etc. edited by A.N.D. Haksar
260 ## - PUBLICATION, DISTRIBUTION, ETC.
Place of publication, distribution, etc. New Delhi
Name of publisher, distributor, etc. Foreign Service Training Institute
Date of publication, distribution, etc. 1989
300 ## - PHYSICAL DESCRIPTION
Extent 80p.
650 ## - SUBJECT ADDED ENTRY--TOPICAL TERM
Topical term or geographic name entry element International relations
650 ## - SUBJECT ADDED ENTRY--TOPICAL TERM
Topical term or geographic name entry element Diplomats
700 ## - ADDED ENTRY--PERSONAL NAME
Personal name Haksar, A.N.D.
Holdings
Withdrawn status Lost status Damaged status Not for loan Permanent Location Current Location Date acquired Full call number Barcode Date last seen Price effective from Koha item type
        Indian Institute of Public Administration Indian Institute of Public Administration 2018-08-04 D11 H127 GR14284 2018-08-04 2018-08-04 GR

Powered by Koha